000
00340nam a22001577a 4500
003
SGT
020
_a
9788180388927
082
_a
340,SIN
100
_a
SINGH,AVTAR
245
_a
INTRODUCTION TO JURISPRUDENCE
250
_a
4TH
260
_a
GURGAON
_b
LEXIS NEXIS
_c
2015
300
_a
463
650
_a
JURISPRUDENCE
942
_2
ddc
_c
BK
_0
3
999
_c
11030
_d
11030